000 00482nam a2200181Ia 4500
005 20250106051636.0
008 240331s9999 xx 000 0 und d
020 _a9551066065
082 _bMUT
_25607
_a305.23
100 _aSarvananthan, M
245 0 _aChildren of War
_bAspirations and Opportunities
260 _aPoint Pedro
_bPoint Pedro Institute of Development
_c2006
300 _axiv, 138 p.,
650 _aChildren
650 _aWar
650 _aEmployment
942 _cL
999 _c1542
_d1542